Strategija prisposoblenija Gosudarstvenno-monopolističeskoje regulirovanije v 80-ch godach

Gespeichert in:
Bibliographische Detailangaben
Format: Buch
Sprache:Russisch
Veröffentlicht: Moskva Mysl' 1987
Ausgabe:1. izd.
Tags: Tag hinzufügen
Keine Tags, Fügen Sie das erste Tag hinzu!

MARC

LEADER 00000nam a2200000 4500
001 c022324
005 20250704092545.2
041 0 |a rus 
044 |a RU 
245 1 0 |a Strategija prisposoblenija  |b Gosudarstvenno-monopolističeskoje regulirovanije v 80-ch godach  |c Zodp. red. Ch. Chajninger 
250 |a 1. izd. 
264 1 |a Moskva  |b Mysl'  |c 1987 
300 |a 282 s.